Short stories 65

Bibliographic Details
Format: Book

MARC

LEADER 00000cam a2200000 7i4500
001 0000009257
002 000010085
005 20000330.0
020 |a 9813051171X 
090 0 0 |a JF   |b BOO 
245 1 0 |a Short stories 65 
999 |a 050844   |b BUKU   |c PINJAMAN   |e PERPUSTAKAAN KOMUNITI PETALING JAYA